000 00746cab a2200241 4500
001 WB2906-56
008 090401t1993 xxu||||| |||| 00| 0 eng d
035 _a(Sirsi) u48746
041 _aeng
245 4 _aThe customer bites back
260 _c1993
350 _a0
490 _aDaily Telegraph
_v10 January 1993, 26(1)
520 _aProfiles the Independent Surveyors Association with a membership of 150 private firms set up in November 1992.
650 _aINDEPENDENT SURVEYORS ASSOCIATION
650 _aMORTGAGE VALUATIONS
650 _aSOLE PRACTIONERS
650 _aVALUATION PANELS
690 _aMANAGEMENT-BUSINESS MANAGEMENT-PROFESSIONAL PRACTICE
690 _aRATING AND VALUATION
942 _n0
948 _c04/03/1997
999 _c30613
_d30613